000 01060nam a22001817a 4500
999 _c15098
_d15098
003 OSt
082 _2631.75807 BLE/IM
088 _aP 300
100 _aBLESSY V. A
_aMUNNA P. V
_93867
245 _aImprovement in the purification of roof water harvesting system
260 _aTavanur 2015
_bDepartment of Land and Water Resources & Conservation Engineering
300 _a45
500 _aImprovement in the purification of roof water harvesting system
520 _aAs roof water carries impurities, purification of this water is a must to make it acceptable for domestic use. the efficiency of the 60 micron filter is high with a value of 86.2%.first flush system is found to be effective in removing the higher concentration of impurities from the initially generated roof water. first flush system along with 60u filter is found to be more effective in purifying the roof water, compared to 100u mesh filter.
700 _aDr. Sathian K. K (Guide)
_93449
856 _uhttps://drive.google.com/open?id=1cYE5RehRubbVWBKBtuRJaG0bKPpFmZtv
942 _cPR